000 01143nam a22002297a 4500
999 _c19822
_d19822
005 20251125232918.0
008 s2542 th tha d
020 _a9748716465
040 _aNALT
041 _atha
245 1 0 _aปัญหาบังคับใช้กฎหมายคุ้มครองแรงงาน
260 3 _aกรุงเทพฯ :
_bมูลนิธิอารมณ์ พงศ์พงัน,
_c2542
300 _a72 หน้า :
_b ภาพประกอบ, ตาราง ;
_c 26 ซม.
650 0 4 _aการคุ้มครองแรงงาน -- กฎหมายและระเบียบข้อบังคับ
650 0 4 _aการคุ้มครองแรงงาน -- ปัญหาและข้อพิพาท
650 0 4 _aแรงงาน -- กฎหมายและระเบียบข้อบังคับ
850 _aNALT
856 4 0 _uhttps://hdl.handle.net/20.500.14156/302759
_71
942 _cLB
_2lcc
998 _j25
_k นีลวัสน์ อินทรักษา
090 _aKM53 ป525 2542